00508nam a22001937a 450000500170000001000130001702000220003003500130005203700160006504000120008108200160009310000180010924500480012726000270017527000400020230000370024265000130027965000220029220170124105940.0 aA-585114 c00.00a8185061661 aA-585114 bCen Lib/Ret aDPLbEN a230.312MIT aMitchell, A G aHindu gods and goddesses /cby A G Mitchell aNew DelhibUBSPDc1993 b New Delhia5, Ansari road e110002 avarious pagings c21cm(Hb)bill. aHinduism aGod and Goddesses